Původ a význam lidských práv

Podrobná bibliografia
Hlavný autor: Komárková, Božena, 1903-1997 (Autor)
Médium: Kniha
Jazyk:čeština
Fyzický popis:234 s. brož.
Vydavateľské údaje: Praha Státní pedagogické nakladatelství 1990
ISBN:8004253849
Vydanie:1. vyd.
Predmet:

MARC

LEADER 00000nam a2200000 a 4500
001 vtls008906939
003 SK-MaSNL
005 20260301022551.0
008 240318s1990 xo cze
020 |a 8004253849  |q (brož.)  |c 23.00 
035 |a LMAOSK5485 
040 |a SNK  |b slo  |c SNK  |e AACR2 
041 0 |a cze 
080 |a 342.7  |2 1981 
100 1 |a Komárková, Božena,  |d 1903-1997  |4 aut  |9 240183 
245 1 0 |a Původ a význam lidských práv  |c Božena Komárková 
250 |a 1. vyd. 
260 |a Praha  |b Státní pedagogické nakladatelství  |c 1990 
300 |a 234 s. brož. 
650 0 7 |a ľudské práva  |2 LMAOSK  |9 798 
650 0 7 |a pôvod  |2 LMAOSK  |9 313455 
650 0 7 |a význam  |2 LMAOSK  |9 278320 
650 0 7 |a štúdie  |2 LMAOSK  |9 92810 
919 |a 80-04-25384-9 
958 |a OND 
999 |c 567603  |d 569533 
952 |t P60, <04>, [BOOK], {604}  |a SNK  |b SNK  |y VYP  |7 0  |p 17A0033556  |o snkID 91336 D1  |0 0  |1 1  |4 0  |d 1997-01-29  |l 0  |r 2004-12-31 00:00:00  |w 2026-02-23 
952 |t P60, <04>, [BOOK], {604}  |a SNK  |b SNK  |y VYP  |7 0  |p 17A0097831  |o snkID 91336  |0 0  |1 0  |4 0  |d 1997-09-25  |l 0  |r 2004-12-31 00:00:00  |w 2026-02-23